| 000 | 00875nam a2200217 a 4500 | ||
|---|---|---|---|
| 001 | 000040321 | ||
| 005 | 20201002034045.0 | ||
| 008 | 130821s1970 xxuab 000 0 spa d | ||
| 040 |
_aDO-SdBNP _bspa _cBNPHU |
||
| 041 | 1 | 7 | _aeng |
| 082 |
_annnn _bM837a |
||
| 100 | 1 |
_aMoreau de Jonnès, Alexandre, _d1778-1870. _966609 |
|
| 240 | 1 | 0 |
_aAventures de guerre au temps de la République et du Consulat. _lEnglish |
| 245 | 1 | 0 |
_aAdventures in the Revolution and under the Consulate / _cMoreau de Jonnès ; translated by Cyril Hammond. With an introd. by Michael Glover. |
| 260 |
_aWashington : _bPraeger Publishers, _c1970. |
||
| 300 |
_axvi, 248 p. : _bil., mapas ; _c23 cm. |
||
| 500 | _aTranslation of Aventures de guerre au temps de la République et du Consulat. | ||
| 590 | _aInventariado, 2019 /LP | ||
| 700 | 1 |
_aHammond, Cyril, _etr. _966610 |
|
| 700 | 1 |
_aGlover, With _966611 |
|
| 999 |
_c39811 _d39811 |
||